| 000 | 00404nam a2200169Ia 4500 | ||
|---|---|---|---|
| 008 | 151213s9999 xx 000 0 und d | ||
| 020 | _a978-81-7758-162-2 | ||
| 100 | _aAndrw B. Tanenbarm | ||
| 245 |
_aComputer Network _cAndrw B. Tanenbarm |
||
| 250 | _a4th | ||
| 260 |
_bPearson _c2003 |
||
| 300 | _a7364 p. | ||
| 650 | _aE E E | ||
| 650 | _ascience | ||
| 700 | _aAndrw B. Tanenbarm | ||
| 999 |
_c3913 _d3913 |
||